Ejercicios de matemática moderna
Gorde:
| Egile nagusia: | |
|---|---|
| Formatua: | Liburua |
| Hizkuntza: | gaztelania |
| Argitaratua: |
Barcelona
Vicens-Vives
1969
|
| Edizioa: | 2a. ed |
| Gaiak: | |
| Etiketak: |
Etiketa erantsi
Etiketarik gabe, Izan zaitez lehena erregistro honi etiketa jartzen!
|
MARC
| LEADER | 00000nam a2200000 a 4500 | ||
|---|---|---|---|
| 001 | UCQ8265 | ||
| 003 | CL-VaPUC | ||
| 008 | 981209e19690000SP |||||||||||||||||spa|d | ||
| 082 | 0 | 4 | |a 510.76 |b VIL |2 21 |
| 100 | 0 | |a Vila, Antonio |e author |9 422117 | |
| 245 | 1 | 0 | |a Ejercicios de matemática moderna |
| 250 | |a 2a. ed | ||
| 300 | |a 137 p | ||
| 942 | |c BK | ||
| 945 | |d 19981209 00:00:00 |a crobeson | ||
| 260 | |a Barcelona |b Vicens-Vives |c 1969 | ||
| 650 | 0 | |a Matemática |9 260235 | |
| 650 | 0 | |a Ejercicios |9 269807 | |
| 650 | 0 | |a Teoría de conjuntos |9 265668 | |
| 583 | |a last modification |c 19981209 00:00:00 |k Rodrigo Vera | ||
| 999 | |c 277550 |d 277548 | ||
| 952 | |0 0 |1 0 |4 0 |6 510_760000000000000_VIL_1969 |7 0 |8 A |9 315544 |a BIBMAT |b BIBMAT |d 2019-11-20 |i 130027K |o 510.76 VIL 1969 |p 130027K |r 2025-01-07 |w 2019-11-20 |y BK |k MAT | ||